000 00431nam a2200217Ia 4500
003 IT-RoPAU
008 120407s9999 xx 000 0 und d
040 _aIT-RoPAU
040 _cIT-RoPAU
041 _aita
100 _aAntonio Gregnanin
245 _aSono Sacerdote.
250 _aRoma
260 _aColetti
260 _c1962
300 _a86 p.
300 _c20 cm
490 _v1
942 _cBK
999 _c37031
_d37031